Govt. of
Madhya Pradesh

The Sacred Books of The Hindus (Record no. 64560)

MARC details
000 -LEADER
fixed length control field 00284nam a2200109Ia 4500
008 - FIXED-LENGTH DATA ELEMENTS--GENERAL INFORMATION
fixed length control field 221009s9999 xx 000 0 und d
082 ## - DEWEY DECIMAL CLASSIFICATION NUMBER
Classification number 294.5/BAS
100 ## - MAIN ENTRY--PERSONAL NAME
Personal name Scholars, Various Sanskrit
9 (RLIN) 23743
245 #4 - TITLE STATEMENT
Title The Sacred Books of The Hindus
260 ## - PUBLICATION, DISTRIBUTION, ETC. (IMPRINT)
Name of publisher, distributor, etc. The panini Office
942 ## - ADDED ENTRY ELEMENTS (KOHA)
Koha item type Books

No items available.